Szabó Ervin, a szocializmus moralistája
Elmentve itt :
| Szerző: | |
|---|---|
| Adatforrás: | Philobibl |
| Dokumentumtípus: | Könyv |
| Nyelv: | magyar |
| Kulcsszavak: | eszmetörténet, magyar |
| Megjelent: |
Bp.
Századvég K.
1993
|
| LEADER | 00347nam a2200121 c 4500 | ||
|---|---|---|---|
| 001 | bibDOK00000375 | ||
| 005 | 20200924115653.2 | ||
| 008 | 060518s1993 hu hun | ||
| 100 | 1 | |a Litván György | |
| 245 | 1 | 0 | |a Szabó Ervin, a szocializmus moralistája |c Litván György |
| 260 | |a Bp. |b Századvég K. |c 1993 | ||
| 300 | |a 281 p. | ||
| 695 | |a eszmetörténet, magyar | ||